00850cam a2200205 45000010005000000080041000050100015000460200015000610200043000760820012001191000043001312450170001742500011003442600058003553000045004135000019004585050106004776500040005836500021006238380010214s2002 stka 001 0 eng c a2001023505 a0443070458 a0443070466 (International student ed.)00a6112211 aLumley, J. S. P.q(John Stuart Penton)10aSurface anatomy :bthe anatomical basis of clinical examination /cJohn S.P. Lumley ; photography by Carole Reeves, Christopher Priest ; illustrations by Ian Ramsden a3rd ed aEdinburgh ;aNew York :bChurchill Livingstone,c2002 avii, 135 p. :bill. (some col.) ;c28 cm aIncludes index aCONTENTS : Introduction. Head. Neck. Thorax. Abdomen and pelvis. Back. Upper limb. Lower limb.grt 0aAnatomy, Surgical and topographical 2aAnatomyvAtlases